书目信息 |
| 题名: |
摇滚电见司演奏实用教程
|
|
| 作者: | 褚建华 | |
| 分册: | ||
| 出版信息: | 中国青年出版社 1993.05 |
|
| 页数: | 88页 | |
| 开本: | 16开 | |
| 丛书名: | ||
| 单 册: | ||
| 中图分类: | J647.79 | |
| 科图分类: | ||
| 主题词: | 音乐--作品--中国 | |
| 电子资源: | ||
| ISBN: | ||
| 000 | 00541nam0 2200193 45 | |
| 001 | 0308271055 | |
| 005 | 20030827105718.6 | |
| 010 | @dRMB8.00 | |
| 100 | @a20030827d1993 km y0chiy0120 ea | |
| 101 | @achi | |
| 105 | @a z 000yy | |
| 200 | 1 | @a摇滚电见司演奏实用教程@Ayao gun dian jian si yan zou shi yong jiao cheng@f褚建华@Fzhu jian hua |
| 210 | @c中国青年出版社@d1993.05 | |
| 215 | @a88页@c无图表@d16开 | |
| 606 | 0 | @a音乐@x作品@x中国 |
| 690 | @aJ647.79@v3 | |
| 701 | 0 | @a褚建华 |
| 801 | @aCN@b@c20030827 | |
| 905 | @aBZT@dJ647.79@e140 | |
| 摇滚电见司演奏实用教程/褚建华.-中国青年出版社,1993.05 |
| 88页:无图表;16开 |
| ISBN :RMB8.00 |
| ● |
| 相关链接 |
|
|
|
正题名:摇滚电见司演奏实用教程
索取号:J647.79/140
 
预约/预借
| 序号 | 登录号 | 条形码 | 馆藏地/架位号 | 状态 | 备注 |